000 00319nam a22001457a 4500
008 210602b ||||| |||| 00| 0 eng d
020 _a0891640878
041 _aeng
080 _a32
082 _a32
100 _a19
101 _aSHP
245 _aResolving Environmental Disputes
_cGail Bingham
942 _2udc
_cBK
999 _c57882
_d57882